000 01008nam a2200265 a 4500
001 13498
003 BD-RjUL
005 20211208235450.0
008 170606s1958 maua b 101 0 eng d
035 _a(BD-RjUL)13549
040 _aDLC/ICU
_cICU
_dDLC
_dBD-RjUL
_beng
041 _aeng
082 0 0 _a621.4831
_bSOL 1958
_223
245 0 0 _aSolid fuel reactors /
_cCompiled and edited by Joseph R. Dietrich and Walter H. Zinn.
260 _aReading, Mass. :
_bAddison-Wesley Pub. Co.,
_cc1958.
300 _axv, 844 p. :
_bill. ;
_c23 cm.
490 _aAddison-Wesley books in nuclear science and metallurgy
500 _aPrepared under contract with the United States Atomic Energy Commission.
504 _aIncludes bibliographies and index.
650 0 _aSolid fuel reactors.
_942108
700 1 _aZinn, Walter H.
_q(Walter Henry),
_d1906-2000,
_ejoint ed.
_942109
700 1 _aDietrich, Joseph R.
_9217979
830 _aAddison-Wesley books in nuclear science and metallurgy
_9217980
942 _2ddc
_cBK
999 _c13498
_d13498